00926nam a2200241 a 4500001001000000003000900010005001700019008004100036040002500077082001800102100003700120245007700157260004000234300002000274590002600294650002700320650003100347910003700378942001400415952011600429952012200545999001700667000017320DO-SdBNP20240530073918.0100322s2000 dr 000 f spa d aDO-SdBNPbspacBNPHU a863.44bS583c1 aSilié Gatón, Domingo,91754910aCanisabaná :bla india que amó a Colón /cDomingo Silié Gatón. aSanto Domingo :bEspress,c[200-?]. a78 p. ;c21 cm. aInventariado, 2019/LP 0aNovela dominicana9223 0aLiteratura dominicana.967 aValidado. Control de calidad MFF 2ddccLBS1 0010718PDaPDbPDcHDd2010-03-22iLF1l0o863.44 S583cp17320-10r2020-06-25w2020-06-25yLFPDZNo se presta 0010718PDaPDbPDcHDd2010-03-22iLF1l0o863.44 S583cp17320-20r2020-06-25te. 2w2020-06-25yLFPDZNo se presta c16845d16845